MARC

LEADER 00000nam0a2200000 4500
001 43009
005 20231031015814.0
035 |a (RuTPU)RU\TPU\book\44406 
090 |a 43009 
100 |a 20020924d2002 m y0rusy50 ca 
101 0 |a rus 
102 |a RU 
105 |a y j 001zy 
200 1 |a Расчет колонн бурильных труб  |e учебное пособие  |f К. И. Борисов, В. И. Рязанов  |g Томский политехнический университет 
210 |a Томск  |c Изд-во ТПУ  |d 2002 
215 |a 66 с.  |c ил. 
320 |a Библиогр.: с. 65 
610 1 |a горное дело 
610 1 |a бурильные колонны 
610 1 |a проектирование 
610 1 |a расчет 
610 1 |a бурильные трубы 
610 1 |a прочность 
610 1 |a учебные пособия 
675 |a 622.24.053(075.8)  |v 3 
700 1 |a Борисов  |b К. И.  |g Константин Иванович 
701 1 |a Рязанов  |b В. И.  |g Виктор Иванович 
712 0 2 |a Томский политехнический университет  |2 stltpush  |3 (RuTPU)RU\TPU\col\376 
801 1 |a RU  |b 63413507  |c 20020924  |g PSBO 
801 2 |a RU  |b 63413507  |c 20110525  |g PSBO 
942 |c BK